000 00570nam a2200229Ia 4500
003 OSt
005 20220928143334.0
006 a|||||r|||| 00| 0
007 ta
008 220927b |||||||| |||| 00| 0 eng d
024 _a21643
037 _cTextual
040 _aSDCL
_cSDCL
_beng
041 _2eng
_aeng
082 _aB9:7, L1
100 _aSiegel C L
_9505064
245 0 _aLectures on celestial machanics.
260 _c1971
700 _a Moser J K
_9505065
942 _hB9:7, L1
_cTEXL
_2CC
999 _c823673
_d823673